| 000 | 00528nam a22001937a 4500 | ||
|---|---|---|---|
| 003 | KOHA_MİRAKIL | ||
| 005 | 20251221112452.0 | ||
| 008 | 251219b tu ||||| |||| 00| 0 tur d | ||
| 020 | _a9786259865218 | ||
| 040 |
_aTR-AnABB _btur _cTR-AnABB |
||
| 041 | _atur | ||
| 082 |
_a364.254 _bMED 2023 |
||
| 245 | 1 | 0 | _aMedya ve güvenlik / |
| 260 |
_aAnkara : _bPolis Akademisi Yayınları, _c2023 |
||
| 300 |
_a70 sayfa ; _c25 cm |
||
| 650 | 0 | 4 | _aMedya güvenliği |
| 900 | _bGizem YORULMAZ | ||
| 942 |
_2ddc _cBK |
||
| 999 |
_c9802 _d9802 |
||